000 00628nam a22001937a 4500
005 20130704155142.0
010 _aB-508988-989
020 _c710.00
_a9789350940464
035 _aB-508990-991
037 _bKBD/Ven
082 _a000
245 _aCracking the CSAT Paper 2:
_bcivil services aptitude test/
260 _aNew Delhi
_bArihant
270 _a4577/15, Agarwal Road, Darya Ganj
_bNew Delhi
_e110022
300 _a984p.
_c26cm(pbk)
700 _dK.J.Rajendra Prasad
942 _2ddc
_cEN
_h000
_mCRA
999 _c77201
_d77201